The Oxford handbook of impulse control disorders (Record no. 71389)

000 -LEADER
fixed length control field 01063cam a22002774a 4500
001 - CONTROL NUMBER
control field 16612461
003 - CONTROL NUMBER IDENTIFIER
control field NUST - PNEC
005 - DATE AND TIME OF LATEST TRANSACTION
control field 20170116181159.0
008 - FIXED-LENGTH DATA ELEMENTS--GENERAL INFORMATION
fixed length control field 110114s2012 enka bf 001 0 eng
010 ## - LIBRARY OF CONGRESS CONTROL NUMBER
LC control number 2010054118
020 ## - INTERNATIONAL STANDARD BOOK NUMBER
International Standard Book Number 9780195389715 (acidfree paper)
040 ## - CATALOGING SOURCE
Transcribing agency LIBRARY
082 00 - DEWEY DECIMAL CLASSIFICATION NUMBER
Classification number 616.85/84 GRA
Edition number 22
100 ## - MAIN ENTRY--PERSONAL NAME
9 (RLIN) 16268
Personal name Grant, Jon E.
245 04 - TITLE STATEMENT
Title The Oxford handbook of impulse control disorders
Statement of responsibility, etc. edited by Jon E. Grant, Marc N. Potenza.
260 ## - PUBLICATION, DISTRIBUTION, ETC.
Place of publication, distribution, etc. Oxford
-- New York
Name of publisher, distributor, etc. Oxford University Press
Date of publication, distribution, etc. c2012.
300 ## - PHYSICAL DESCRIPTION
Extent xvii, 573 p. :
Other physical details ill. ;
Dimensions 26 cm.
490 1# - SERIES STATEMENT
Series statement Oxford library of psychology
650 #0 - SUBJECT ADDED ENTRY--TOPICAL TERM
Topical term or geographic name entry element Impulse control disorders
Form subdivision Handbooks, manuals, etc.
General subdivision General
650 #0 - SUBJECT ADDED ENTRY--TOPICAL TERM
Topical term or geographic name entry element Compulsive behavior
Form subdivision Handbooks, manuals, etc.
700 1# - ADDED ENTRY--PERSONAL NAME
Personal name Grant, Jon E.
700 1# - ADDED ENTRY--PERSONAL NAME
Personal name Potenza, Marc N.,
Dates associated with a name 1965-
830 #0 - SERIES ADDED ENTRY--UNIFORM TITLE
Uniform title Oxford library of psychology.
856 ## - ELECTRONIC LOCATION AND ACCESS
Uniform Resource Identifier <a href="http://www.amazon.com/Handbook-Impulse-Control-Disorders-Psychology/dp/0195389719/ref=sr_1_1?ie=UTF8&qid=1454903678&sr=8-1&keywords=9780195389715">http://www.amazon.com/Handbook-Impulse-Control-Disorders-Psychology/dp/0195389719/ref=sr_1_1?ie=UTF8&qid=1454903678&sr=8-1&keywords=9780195389715</a>
942 ## - ADDED ENTRY ELEMENTS (KOHA)
Source of classification or shelving scheme
Koha item type Book
Holdings
Withdrawn status Lost status Source of classification or shelving scheme Damaged status Not for loan Permanent Location Current Location Shelving location Date acquired Source of acquisition Cost, normal purchase price Total Checkouts Full call number Barcode Date last seen Cost, replacement price Price effective from Koha item type
          Pakistan Navy Engineering College (PNEC) Pakistan Navy Engineering College (PNEC)   12/04/2015 Rerference Grant 13884.75   616.85/84 GRA PNECLIB-032432 02/08/2016 13884.75 12/04/2015 Book
© 2023 Central Library, National University of Sciences and Technology. All Rights Reserved.